| 000 | 01066nam a22002777a 4500 | ||
|---|---|---|---|
| 003 | EG-ScBUE | ||
| 005 | 20211121102305.0 | ||
| 008 | 100613s1978 ua f 000 1 aara d | ||
| 017 | _a78 / 4573 | ||
| 020 | _a9777041772 | ||
| 040 |
_aEG-ScBUE _bara _erda _cEG-ScBUE _dEG-ScBUE |
||
| 082 | 0 | 4 |
_a823.912 _bأ و ر _222 |
| 100 | 1 |
_914710 _aأورويل، جورج، _d1903-1950، _eمؤلف. |
|
| 245 | 1 | 0 |
_aمزرعة الحيوانات / _cكتبها الأديب الإنجليزي جورج أورويل ؛ يعرضها ويقدمها عبد الحميد الكاتب. |
| 264 | 1 |
_aالقاهرة : _bدار أخبار اليوم، _c1978. |
|
| 300 |
_a160 صفحة ؛ _c24 سم |
||
| 336 |
_2rdacontent _aنص _btxt |
||
| 337 |
_2rdamedia _aبدون وسيط _bn |
||
| 338 |
_2rdacarrier _aمجلد _bnc |
||
| 650 | 7 |
_913460 _aالقصص الإنجليزية _yقرن 20. _2BUEsh |
|
| 651 | _2BUEsh | ||
| 653 |
_bHHUUEENN _cNovember2021 |
||
| 655 |
_vReading book _934232 |
||
| 700 | 1 |
_913663 _aالكاتب، عبد الحميد، _eمقدم. |
|
| 942 |
_2ddc _cBB |
||
| 999 |
_c14075 _d14075 |
||